000 00551nam a2200157 a 4500
001 000028898
005 20200930055215.0
008 110412s2007 dr 000 0 spa d
040 _aDO-SdBNP
_bspa
_cBNPHU
110 1 _aRepública Dominicana
_bPoder Judicial
_bSuprema Corte de Justicia
_955712
240 1 0 _a[Leyes, etc]
245 1 0 _aResolución No. 59-2007 que establece el reglamento general de mensuras y catastro /.
260 _aSanto Domingo :
_bSuprema Corte de Justicia,
_c2007
_fEditora Taína
300 _a142 p. ;
_c23 cm.
049 _aBNPD
999 _c28390
_d28390